000 00708nam a22002177a 4500
003 0
005 20250121151457.0
008 250121b xxu||||| |||| 00| 0 eng d
020 _a978-1-64173-024-5
050 _aP 90
_b.At87 2024
100 _aAtkinson, Timothy
245 _aMass communcation and media studies
_ban introduction
_cTimothy Atkinson
260 _aNew York
_bLarsen & Keller Education
_c2024
300 _avi, 237 pages :
_bcolored illustrations and pictures ;
_c28cm.
504 _aIncludes bibliographical references and index.
650 _aMass media.
650 _aCommunication.
650 _aCommunication and traffic.
650 _aTelecommunication.
942 _2lcc
_cBK
999 _c367043
_d367043